000 01079cam a2200277Ia 4500
999 _c157
_d157
001 00239466
003 OCoLC
005 20190729112910.0
005 020130125917.0
008 981113r19981996nyu d 000 1 eng d
020 _a0141301163 (pbk.) :
020 _a9780141301167
040 _aWHP
_cWHP
_dOCL
_dOUN
082 0 4 _aFIC NAP
100 1 _aNapoli, Donna Jo,
_d1948-
_eauthor
245 1 0 _aZel /
_cDonna Jo Napoli.
260 _aNew York :
_bPuffin Books,
_c1998, c1996.
300 _a227 p. ;
_c18 cm.
500 _aFirst published: Dutton Children's Books, 1996.
520 _aBased on the fairy tale Rapunzel, the story is told in alternating chapters from the point of view of Zel, her mother, and the nobleman who pursues her, and delves into the psychological motivations of each of the characters.
650 _aJuvenile Fiction
_vFairy Tales & Folklore
_xGeneral
650 _aYoung Adult Fiction
_vComing of Age
650 _aYoung Adult Fiction
_v Fairy Tales & Folklore
_xAdaptations
650 _aYoung Adult Fiction
_vRomance
_xGeneral
942 _2ddc
_cFIC